Μαντέψτε όλες τις 45 Ευρωπαϊκές Χώρες που Σχεδιάζονται - Statistics

General Stats
  • This quiz has been taken 12 times
  • The average score is 5 of 45
Answers on the Map
Answers color-coded by a green-red scale on the quiz's map according to % correct below.
 
Answer Stats
% Correct
Βουλγαρία
33%
Κροατία
33%
Νορβηγία
33%
Πολωνία
33%
Ελβετία
33%
Σερβία
17%
Κόσοβο
17%
Βόρεια Μακεδονία
17%
Σλοβακία
17%
Άγιος Μαρίνος
17%
Λουξεμβούργο
17%
Λίχτενσταϊν
17%
Ηνωμένο Βασίλειο
17%
Αλβανία
17%
Αυστρία
17%
Βέλγιο
17%
Δανία
17%
Γερμανία
17%
Ισλανδία
17%
Ιταλία
17%
Λετονία
17%
Μάλτα
17%
Μονακό
17%
Σουηδία
17%
Βατικανό
17%
Ρουμανία
0%
Λευκορωσία
0%
Μαυροβούνιο
0%
Ουγγαρία
0%
Ανδόρρα
0%
Βοσνία και Ερζεγοβίνη
0%
Τσεχία
0%
Εσθονία
0%
Φινλανδία
0%
Γαλλία
0%
Ελλάδα
0%
Ιρλανδία
0%
Λιθουανία
0%
Μολδαβία
0%
Ολλανδία
0%
Πορτογαλία
0%
Ρωσία
0%
Σλοβενία
0%
Ισπανία
0%
Ουκρανία
0%
No matching quizzes found
Score Distribution
Percent of People with Each Score
Percentile by Number Answered
Your Score History
You have not taken this quiz